000 00467nam a2200181Ia 4500
005 20250425161607.0
008 250425s9999 xx 000 0 und d
041 _aspa
082 _a338.27282
100 _aMAURO C, DAVALOS
245 0 _aSITUACION ACTUAL DEL PETROLEO EN EL ECUADOR Y SUS PROYECCIONES FUTURAS
250 _aS.E.
260 _aS.L.
260 _aSin Pais
_bESPOL
_c1978
500 _aCLASIFICACION: 338.27282
942 _c01
010 _a23870
999 _c212225
_d212225